书目信息 |
| 题名: |
电子线路设计基础
|
|
| 作者: | 高平 编 | |
| 分册: | ||
| 出版信息: | 北京 化学工业出版社 2007.01 |
|
| 页数: | 225页 | |
| 开本: | 26cm | |
| 丛书名: | ||
| 单 册: | ||
| 中图分类: | TN702 | |
| 科图分类: | ||
| 主题词: | 电子电路--dian zi dian lu--电路设计 | |
| 电子资源: | ||
| ISBN: | 978-7-5025-9744-3 | |
| 000 | 00791nam0 2200241 450 | |
| 001 | 012008487717 | |
| 005 | 20080517143600.23 | |
| 010 | @a978-7-5025-9744-3@dCNY29.00 | |
| 100 | @a20080517d2007 em y0chiy0120 ea | |
| 101 | 0 | @achi |
| 102 | @aCN@b110000 | |
| 105 | @aak a 000yy | |
| 106 | @ar | |
| 200 | 1 | @a电子线路设计基础@Adian zi xian lu she ji ji chu@f高平编@Fgao ping bian |
| 210 | @a北京@c化学工业出版社@d2007.01 | |
| 215 | @a225页@c图@d26cm | |
| 320 | @a有书目 (第225页) | |
| 330 | @a本书在系统讲解电子组装所涉及的理论知识同时,尽可能详尽地介绍该课程所涉及的工程实践环节内容,力图使内容详尽且完备。 | |
| 606 | 0 | @a电子电路@Adian zi dian lu@x电路设计 |
| 690 | @aTN702@v4 | |
| 701 | 0 | @a高平@Agao ping@4编 |
| 801 | 0 | @aCN@bQSSK@c20080517 |
| 905 | @b712769-71@dTN702@eG162@f3 | |
| 电子线路设计基础/高平编.-北京:化学工业出版社,2007.01 |
| 225页:图;26cm |
| ISBN 978-7-5025-9744-3:CNY29.00 |
| 本书在系统讲解电子组装所涉及的理论知识同时,尽可能详尽地介绍该课程所涉及的工程实践环节内容,力图使内容详尽且完备。 |
| ● |
| 相关链接 |
|
|
|
正题名:电子线路设计基础
索取号:TN702/G162
 
预约/预借
| 序号 | 登录号 | 条形码 | 馆藏地/架位号 | 状态 | 备注 |
| 1 | 712769 | 207127697 | 自科库301/301自科库 29排1列4层/ [索取号:TN702/G162] | 在馆 | |
| 2 | 712770 | 207127704 | 自科库301/301自科库 29排1列4层/ [索取号:TN702/G162] | 在馆 | |
| 3 | 712771 | 207127713 | 自科库301/301自科库 21排4列1层/ [索取号:TN702/G162] | 在馆 |